000 01564nab a2200241 i 4500
001 768714001
003 CO-MdFUSB
005 20240620123334.0
008 240620t1992 us ||||| |||| 00| 0 eng d
040 _bspa
_cCO-MdFUSB
_dCO-MdFUSB
041 _aeng
100 _aKirby, Jon P.,
_d1945-
_eautor
245 1 _aAnthropology of knowledge and the christian dialogue with african traditional religions :
_blessons from Anufo Divination
_c/ Jon P. Kirby
520 _aLas teologías locales en África se han inspirado en el diálogo con las religiones tradicionales africanas (ATR). Pero este importante diálogo es nuevo y tiene mucho que aprender de uno ya establecido desde hace mucho tiempo: el que existe entre el Islam y los ATR. En este artículo, el autor explora la forma en que el Islam ha utilizado la adivinación y otras instituciones religiosas tradicionales africanas para transformar la forma en que se perciben, interpretan y resuelven los problemas tradicionales, permitiendo así que la transformación cultural y religiosa resultante proceda naturalmente de su propia naturaleza. raíces indígenas.
546 _aTexto en inglés.
650 0 _aCristianismo y otras religiones
_xIslamismo.
_95345
650 7 _aAntropología cultural y social
_96714
650 0 _aHombres (Teología cristiana)
_91269
653 _aÁfrica
773 0 _049486
_982785
_d Pasadena
_oR2660
_tMissiology:
_w(CO-MdFUSB)97
_gVolumen 20, (número 3, 1992) páginas: 323 - 341
_qpágina: 323
942 _cANA
945 _aCatherine Arias Álvarez - Practicante SENA
999 _c70316
_d70316